| 000 | 00930cam a2200265 a 4500 | ||
|---|---|---|---|
| 999 |
_c127924 _d127924 |
||
| 001 | 1943469 | ||
| 003 | ARRUPE | ||
| 005 | 20180412102651.0 | ||
| 008 | 881020s1985 cg a b 000 0 fre | ||
| 010 | _a 86210139 | ||
| 040 |
_aDLC _cDLC _dDLC |
||
| 043 | _af-cg--- | ||
| 050 | 0 | 0 |
_aDT650.Z44 _bB68 1985 |
| 082 | 0 | 0 |
_a306/.09675/1 _219 |
| 100 | 1 |
_aBoulanger, André. _941496 |
|
| 245 | 1 | 0 |
_aSociété et religion des Zela (Rép. du Zaïre) / _cAndré Boulanger. |
| 260 |
_aBandundu, République du Zaïre : _bCEEBA, _c1985. |
||
| 300 |
_a267 p. : _bill. ; _c27 cm. |
||
| 490 | 1 |
_aCEEBA publications. Série II ; _vvol. 82 |
|
| 504 | _aBibliography: p. 263-267. | ||
| 650 | 0 |
_aZela (African people) _xSocial life and customs. _941497 |
|
| 650 | 0 |
_aZela (African people) _xReligion. _941498 |
|
| 830 | 0 |
_aPublications (Ceeba). _nSérie II ; _vv. 82. _941499 |
|
| 906 |
_a7 _bcbc _corignew _d4 _encip _f19 _gy-gencatlg |
||
| 942 |
_2lcc _cMONOGRAPH |
||